000 00247nam a2200097Ia 4500
001 1208790
005 20250827022852.0
008 250824s9999 xx 000 0 und d
245 0 _aMİMAR SİNAN
_cOKAY TİRYAKİOĞLU
260 _bTİMAŞ YAYINLARI
999 _c1208790
_d1208790